|
|
|
|
| LEADER |
00000nas a22000007a 4500 |
| 005 |
20130326170150.0 |
| 007 |
cr|||| |||| |
| 008 |
130326c20139999pk dr|p s|||| 0|||a1eng d |
| 035 |
|
|
|a 7713
|
| 040 |
|
|
|a vLex
|
| 090 |
|
|
|c 4030
|d 4030
|
| 245 |
0 |
4 |
|a The Tripoli Post
|h [Recurso electrn̤ico]
|
| 256 |
|
|
|a Servicio en ln̕ea
|
| 260 |
|
|
|a Karachi :
|b AsiaNet Pakistan (Pvt) Ltd.,
|c 2013-
|
| 300 |
|
|
|a 1 Recurso electrn̤ico
|
| 506 |
|
|
|d vLex Global
|d vLex Global (Academic Edition, excluding Law Schools)
|d vLex Global (U.S. Academic Edition, Law Schools)
|d vLex Global (U.S. Academic Edition, excluding Law Schools)
|d vLex Global (Academic Edition, Law Schools)
|
| 650 |
0 |
4 |
|a Informacin̤ general
|v Revistas
|z Pakistǹ
|
| 740 |
|
|
|a vLex Revistas (Servicio en ln̕ea)
|
| 856 |
|
|
|a Acceso restringido
|u http://www.vlex.com/source/7713
|
| 942 |
|
|
|c REV
|
| 999 |
|
0 |
|a News
|